Former Countries of Prussia - Statistics

General Stats
  • This quiz has been taken 149 times
    143 since last reset
  • The average score is 6 of 7
Answer Stats
Country % Correct
Poland
97%
Germany
92%
Russia
88%
Denmark
83%
Lithuania
82%
Czechia
77%
Belgium
76%
No matching quizzes found
Score Distribution
Percent of People with Each Score
Percentile by Number Answered
Your Score History
You have not taken this quiz since the last reset